[Event "Østlandsserien 2006/2007, 1. div"]
[Site "Strømmen, Akershus NOR"]
[Date "2006.12.10"]
[Round "3"]
[White "Pettersen, Erling"]
[Black "Mella, Aage"]
[Result "0-1"]
[WhiteElo "1372"]
[BlackElo "1640"]
[PlyCount "190"]
[EventDate "2006.11.12"]
[WhiteTeam "Follo 1"]
[BlackTeam "Strømmen 1"]

1. e4 c5 2. Nf3 d6 3. d4 cxd4 4. Nxd4 Nf6 5. Nc3 a6 6. Bg5 e6 7. Bd3 Be7 8. Nb3
Nbd7 9. O-O O-O 10. Kh1 b5 11. a3 Bb7 12. f4 Re8 13. Qe2 Qc7 14. Rae1 e5 15. f5
Nc5 16. Bxf6 Bxf6 17. Rf3 Rad8 18. Rh3 d5 19. Nxc5 Qxc5 20. exd5 Bxd5 21. Nxd5
Qxd5 22. Be4 Qd2 23. Qxd2 Rxd2 24. Rhe3 Red8 25. Bd3 h6 26. R3e2 Rxe2 27. Rxe2
e4 28. Rxe4 Bxb2 29. a4 Bc3 30. axb5 axb5 31. g4 b4 32. Re3 Kf8 33. Kg2 Bf6 34.
Bc4 Rd2+ 35. Re2 Rd4 36. Bd3 Rxg4+ 37. Kf3 Rd4 38. Re4 Rxe4 39. Bxe4 Ke7 40.
Kg4 Kd6 41. Kf3 Bg5 42. Ke2 Ke5 43. Kd3 f6 44. h3 Bh4 45. Ke3 Be1 46. Bd3 Bg3
47. Kf3 Bf4 48. Kg4 Bg5 49. h4 Bd2 50. Kf3 h5 51. Be4 Be1 52. Bd3 Bxh4 53. Be4
Bg5 54. Bd3 Bd2 55. Ke2 Bh6 56. Kf3 Bg5 57. Be4 h4 58. Bd3 Kd4 59. Bb5 Bd2 60.
Ba4 Be1 61. Kg4 Ke3 62. Bc6 Bg3 63. Bd5 Kd4 64. Bc6 Kc5 65. Bd7 Be1 66. Bc8 Kd6
67. Ba6 Ke5 68. Bb5 h3 69. Bf1 h2 70. Bg2 Bd2 71. Bc6 Kd4 72. Kh3 Bf4 73. Kg2
Be5 74. Bb5 Ke4 75. Bd7 Bf4 76. Be6 Ke5 77. Bd7 Bg3 78. Bc8 Kf4 79. Bd7 Kg5 80.
Be6 Bf4 81. Bd7 g6 82. fxg6 Kxg6 83. Bc6 Kf5 84. Bb5 Ke5 85. Bd3 Kd4 86. Bf5
Ke5 87. Bd3 f5 88. Kh1 Bg3 89. Kg2 f4 90. Be2 Kd4 91. Bf3 Ke3 92. Bc6 Ke2 93.
Kh3 Kd2 94. Be4 h1=Q+ 95. Bxh1 Kxc2 0-1

[Event "Østlandsserien 2006/2007, 1. div"]
[Site "Strømmen, Akershus NOR"]
[Date "2006.12.10"]
[Round "3"]
[White "Engevik, Bjarne J"]
[Black "Bakken, Svein-Erik"]
[Result "1-0"]
[WhiteElo "1540"]
[BlackElo "1331"]
[PlyCount "49"]
[EventDate "2006.11.12"]
[WhiteTeam "Strømmen 1"]
[BlackTeam "Follo 1"]

1. e4 c5 2. c4 Nc6 3. d3 e6 4. Nc3 a6 5. f4 Qc7 6. Nf3 d6 7. Be2 Nf6 8. O-O Be7
9. h3 O-O 10. Be3 b6 11. g4 Bb7 12. Qe1 Rac8 13. f5 Nd7 14. Qg3 Nce5 15. Nxe5
Nxe5 16. g5 exf5 17. exf5 f6 18. h4 fxg5 19. hxg5 Kh8 20. g6 hxg6 21. fxg6 Kg8
22. Bg4 Rxf1+ 23. Rxf1 Rf8 24. Be6+ Nf7 25. Qh3 1-0

[Event "Østlandsserien 2006/2007, 1. div"]
[Site "Ås, Akershus NOR"]
[Date "2007.01.13"]
[Round "4"]
[White "Nordahl, Helge A"]
[Black "Andersen, Alf Roger"]
[Result "1/2-1/2"]
[WhiteElo "2359"]
[BlackElo "2156"]
[PlyCount "37"]
[EventDate "2006.11.12"]
[WhiteTeam "Black Knights"]
[BlackTeam "Follo1"]

1. d4 f5 2. g3 Nf6 3. Bg2 g6 4. Nf3 Bg7 5. O-O O-O 6. c4 d6 7. Nc3 Qe8 8. Re1
Qf7 9. b3 Ne4 10. Bb2 Nc6 11. Qd3 e5 12. dxe5 Nb4 13. Qb1 dxe5 14. Nxe4 fxe4
15. Ng5 Qxf2+ 16. Kh1 Bf5 17. a3 Qe3 18. Qc1 Nc2 19. Qxc2 1/2-1/2

[Event "Østlandsserien 2006/2007, 1. div"]
[Site "Ås, Akershus NOR"]
[Date "2007.01.13"]
[Round "4"]
[White "Larsen, Joakim"]
[Black "Andersen, Lars Even"]
[Result "1-0"]
[WhiteElo "1793"]
[BlackElo "2210"]
[PlyCount "57"]
[EventDate "2006.11.12"]
[WhiteTeam "Follo1"]
[BlackTeam "Black Knights"]

1. e4 Nc6 2. d4 e5 3. dxe5 Nxe5 4. Nf3 Nxf3+ 5. Qxf3 Bb4+ 6. Nd2 Qf6 7. c3 Bc5
8. Bc4 d6 9. b4 Bb6 10. O-O Qxf3 11. Nxf3 Nf6 12. Re1 Ng4 13. Re2 f6 14. Nd4 a5
15. b5 Bd7 16. Bf4 Ne5 17. Be6 a4 18. Bg3 Ke7 19. Bd5 Rab8 20. Rb1 Bc5 21. f4
c6 22. fxe5 fxe5 23. Bh4+ Ke8 24. bxc6 Bg4 25. Rf2 g5 26. Bxg5 Rf8 27. Rxb7
Rxb7 28. cxb7 Ba7 29. Bc6+ 1-0

[Event "Østlandsserien 2006/2007, 1. div"]
[Site "Ås, Akershus NOR"]
[Date "2007.01.13"]
[Round "4"]
[White "Myrstad, Odd-Magnus"]
[Black "Lange, Holger"]
[Result "1/2-1/2"]
[WhiteElo "2025"]
[BlackElo "1662"]
[PlyCount "120"]
[EventDate "2006.11.12"]
[WhiteTeam "Black Knights"]
[BlackTeam "Follo1"]

1. e4 c5 2. Nf3 Nc6 3. Nc3 d6 4. d4 cxd4 5. Nxd4 Nf6 6. Be2 e6 7. O-O Be7 8.
Be3 O-O 9. Qd2 Bd7 10. Ndb5 Ne8 11. Rad1 a6 12. Nd4 Rc8 13. f4 Nxd4 14. Bxd4
Bc6 15. Qe3 Qd7 16. e5 d5 17. f5 exf5 18. Bd3 g6 19. Bxf5 Qd8 20. Bxc8 Qxc8 21.
Rf3 Ng7 22. Qd3 Nf5 23. Rdf1 Nxd4 24. Qxd4 Bb5 25. R1f2 Bc5 26. Qxd5 Bxf2+ 27.
Rxf2 Bc6 28. Qd4 Qe6 29. Rf6 Qe7 30. Nd5 Bxd5 31. Qxd5 Re8 32. Rf2 Rd8 33. Rxf7
Qxf7 34. Qxd8+ Kg7 35. Qd4 Qe6 36. c4 Kh6 37. h3 Qf5 38. Kh2 Qf7 39. Kg3 g5 40.
b3 Kg6 41. Qd3+ Kg7 42. Qf3 Qe7 43. Qf5 h5 44. Kh2 Kh6 45. c5 h4 46. b4 Kg7 47.
a4 Kh6 48. Kg1 a5 49. Qe4 axb4 50. Qxb4 Qxe5 51. a5 Qa1+ 52. Kf2 Qa2+ 53. Kf1
Qa1+ 54. Qe1 Qf6+ 55. Kg1 Qd4+ 56. Qf2 Qa1+ 57. Kh2 Qe5+ 58. Kg1 Qa1+ 59. Qf1
Qd4+ 60. Kh1 Qxc5 1/2-1/2

[Event "Østlandsserien 2006/2007, 1. div"]
[Site "Ås, Akershus NOR"]
[Date "2007.01.13"]
[Round "4"]
[White "Lea, Per"]
[Black "Flaata, Alexander"]
[Result "0-1"]
[WhiteElo "1587"]
[BlackElo "1960"]
[PlyCount "84"]
[EventDate "2006.11.12"]
[WhiteTeam "Follo1"]
[BlackTeam "Black Knights"]

1. e4 c5 2. Nf3 Nc6 3. d4 cxd4 4. Nxd4 g6 5. Nc3 Bg7 6. Be3 Nf6 7. Bc4 O-O 8.
f3 Qb6 9. Qd2 Nxe4 10. Nxe4 Bxd4 11. Bxd4 Qxd4 12. Qxd4 Nxd4 13. O-O-O Nc6 14.
h4 Ne5 15. Bb3 d6 16. h5 Bf5 17. Ng3 Bd7 18. hxg6 hxg6 19. Rhe1 Rfd8 20. Ne4
Kg7 21. Ng5 b5 22. f4 Nc6 23. Bxf7 Bg4 24. Rd5 Rf8 25. Rxb5 Rxf7 26. Nxf7 Kxf7
27. Rb7 Kf6 28. c3 Kf5 29. g3 Bf3 30. Rb5+ e5 31. fxe5 Nxe5 32. Kd2 Kg4 33. Rg1
d5 34. Rb4+ Be4 35. Ke3 Rf8 36. Ra4 a5 37. b3 Nc6 38. c4 Rf3+ 39. Ke2 d4 40. c5
Kf5 41. Rf1 d3+ 42. Ke1 d2+ 0-1

[Event "Østlandsserien 2006/2007, 1. div"]
[Site "Ås, Akershus NOR"]
[Date "2007.01.13"]
[Round "4"]
[White "Andersen, Øystein R"]
[Black "Høva, Frode"]
[Result "1-0"]
[WhiteElo "1877"]
[BlackElo "1591"]
[PlyCount "65"]
[EventDate "2006.11.12"]
[WhiteTeam "Black Knights"]
[BlackTeam "Follo1"]

1. c4 Nf6 2. Nf3 g6 3. d4 Bg7 4. g3 d5 5. cxd5 Nxd5 6. e4 Nb6 7. Nc3 O-O 8. Bg2
Nc6 9. d5 Na5 10. O-O c6 11. Nd4 cxd5 12. exd5 e6 13. Nde2 exd5 14. Nxd5 Nac4
15. Nec3 Nxd5 16. Bxd5 Ne5 17. Bf4 Bg4 18. Qb3 Nf3+ 19. Kg2 g5 20. Be3 Bxc3 21.
bxc3 Qf6 22. h3 Be6 23. Bxe6 fxe6 24. Qxb7 Qxc3 25. Rac1 Qf6 26. Rc7 Rab8 27.
Qe4 Qf5 28. Qxf5 Rxf5 29. Rxa7 e5 30. Rd1 Rbf8 31. Rdd7 Ne1+ 32. Kf1 Nc2 33.
Rg7+ 1-0

[Event "Østlandsserien 2006/2007, 1. div"]
[Site "Ås, Akershus NOR"]
[Date "2007.01.13"]
[Round "4"]
[White "Moberg, Jan Rune"]
[Black "Snellingen, Jørn"]
[Result "0-1"]
[WhiteElo "1461"]
[BlackElo "1817"]
[PlyCount "92"]
[EventDate "2006.11.12"]
[WhiteTeam "Follo1"]
[BlackTeam "Black Knights"]

1. d4 Nf6 2. Bg5 e6 3. e3 d5 4. Bd3 Nbd7 5. Nf3 c5 6. c3 Qb6 7. Qb3 Qxb3 8.
axb3 h6 9. Bf4 g5 10. Bc7 Bg7 11. Nbd2 Ke7 12. O-O Ne8 13. Bg3 f5 14. h4 Bf6
15. hxg5 hxg5 16. Ne5 Nxe5 17. dxe5 Bg7 18. f4 gxf4 19. exf4 Bd7 20. Nf3 Bc6
21. Kf2 Nc7 22. Rh1 Rxh1 23. Rxh1 Rh8 24. Rd1 Bh6 25. Bh4+ Kd7 26. Ra1 a6 27.
g3 Bf8 28. c4 d4 29. Rd1 a5 30. Ng5 Be7 31. Be2 Na6 32. Bf3 Bxg5 33. Bxc6+ Kxc6
34. fxg5 Nb4 35. Kf3 Nc2 36. Kf4 Ne3 37. Rg1 Rg8 38. Ra1 b5 39. Kf3 Ng4 40. Re1
Kb6 41. Kf4 Nf2 42. Re2 Nh3+ 43. Kf3 Ng1+ 44. Kf2 Nxe2 45. Kxe2 a4 46. bxa4
bxc4 0-1

[Event "Østlandsserien 2006/2007, 1. div"]
[Site "Drammen, Buskerud NOR"]
[Date "2007.01.14"]
[Round "5"]
[White "Andersen, Alf Roger"]
[Black "Edvardsen, Ragnar"]
[Result "1-0"]
[WhiteElo "2156"]
[BlackElo "1833"]
[PlyCount "63"]
[EventDate "2006.11.12"]
[WhiteTeam "Follo"]
[BlackTeam "Drammen II"]

1. e4 c5 2. Nf3 Nc6 3. Bb5 d6 4. O-O e5 5. c3 Nf6 6. d4 cxd4 7. cxd4 exd4 8.
Re1 Bd7 9. Nxd4 Nxd4 10. Bxd7+ Qxd7 11. Qxd4 Be7 12. Nc3 O-O 13. Bg5 Rfd8 14.
Rad1 Qg4 15. Qd2 Rac8 16. h3 Qh5 17. f4 h6 18. Bxf6 Bxf6 19. Nd5 Qg6 20. Re3
Re8 21. Kh2 Bh4 22. f5 Qh7 23. Qd3 h5 24. Rf1 Qh6 25. f6 Rc5 26. fxg7 Qxg7 27.
Rf5 Re5 28. Ref3 Rxf5 29. Rxf5 Qg6 30. Qf3 Bg5 31. Qg3 Bh6 32. Ne7+ 1-0

[Event "Østlandsserien 2006/2007, 1. div"]
[Site "Drammen, Buskerud NOR"]
[Date "2007.01.14"]
[Round "5"]
[White "Egede-Nissen, Bjørn"]
[Black "Næssvold, Kjell"]
[Result "0-1"]
[WhiteElo "1870"]
[BlackElo "1886"]
[PlyCount "92"]
[EventDate "2006.11.12"]
[WhiteTeam "Drammen II"]
[BlackTeam "Follo"]

1. d4 Nf6 2. c4 c5 3. d5 b5 4. cxb5 a6 5. b6 d6 6. Nc3 g6 7. e4 Bg7 8. Bd3 O-O
9. Nf3 Nbd7 10. b7 Bxb7 11. O-O a5 12. Bf4 Ng4 13. Qd2 a4 14. Rab1 Qa5 15. Be2
Ba6 16. Bxa6 Rxa6 17. h3 Nge5 18. Nxe5 Nxe5 19. Bh6 Bxh6 20. Qxh6 a3 21. Ne2
axb2 22. Rxb2 Rb6 23. Rxb6 Qxb6 24. Ng3 Qb2 25. Qc1 Qxa2 26. f4 Nd3 27. Qc3 c4
28. e5 Qa7+ 29. Kh2 Qc5 30. exd6 Qxd5 31. dxe7 Re8 32. f5 Rxe7 33. f6 Re8 34.
Qd2 Qd6 35. Qh6 Qf8 36. Qg5 h6 37. Qg4 Ne5 38. Qd4 Re6 39. Ne4 Qe8 40. Nc5 Rc6
41. Kh1 Qf8 42. Ne4 Nd3 43. Ra1 Re6 44. Qd5 Rxe4 45. Ra8 Re8 46. Ra1 Re1+ 0-1

[Event "Østlandsserien 2006/2007, 1. div"]
[Site "Drammen, Buskerud NOR"]
[Date "2007.01.14"]
[Round "5"]
[White "Larsen, Joakim"]
[Black "Haugjord, Sverre"]
[Result "1-0"]
[WhiteElo "1793"]
[BlackElo "1483"]
[PlyCount "73"]
[EventDate "2006.11.12"]
[WhiteTeam "Follo"]
[BlackTeam "Drammen II"]

1. e4 e5 2. Nf3 Nc6 3. Nc3 Nf6 4. d4 exd4 5. Nd5 d6 6. Nxd4 Nxd4 7. Qxd4 Nxd5
8. exd5 c5 9. dxc6 bxc6 10. Bf4 Be6 11. O-O-O d5 12. Ba6 Qb6 13. Qxb6 axb6 14.
Bb7 Rxa2 15. Kb1 Ra7 16. Bxc6+ Bd7 17. Rhe1+ Be7 18. Bb8 Ra5 19. b4 Bxc6 20.
bxa5 Kd7 21. Ba7 bxa5 22. c4 Ra8 23. Be3 Rb8+ 24. Ka2 Bf6 25. Bd4 Bxd4 26. Rxd4
Kd6 27. Red1 Rb4 28. Ka3 Kc5 29. cxd5 Rxd4 30. Rxd4 Bb5 31. Rd2 Kd6 32. Kb3 Bd7
33. Kc4 a4 34. Rb2 h5 35. Rb6+ Kc7 36. Kc5 a3 37. Ra6 1-0

[Event "Østlandsserien 2006/2007, 1. div"]
[Site "Drammen, Buskerud NOR"]
[Date "2007.01.14"]
[Round "5"]
[White "Herregården, Bjørn Erik"]
[Black "Hovland, Arne"]
[Result "0-1"]
[WhiteElo "1386"]
[BlackElo "1632"]
[PlyCount "124"]
[EventDate "2006.11.12"]
[WhiteTeam "Drammen II"]
[BlackTeam "Follo"]

1. Nf3 d5 2. d3 Nf6 3. Nbd2 Nbd7 4. g3 e5 5. Bg2 Bd6 6. O-O O-O 7. b3 Re8 8.
Bb2 c6 9. Re1 Qa5 10. Qc1 Qb6 11. e4 Ng4 12. Rf1 Bc5 13. Qe1 a5 14. h3 Ngf6 15.
a3 dxe4 16. Nxe4 Nd5 17. Nxc5 Qxc5 18. d4 Qxc2 19. Qd2 Qxd2 20. Nxd2 exd4 21.
Bxd4 N7f6 22. Nc4 Rd8 23. Rad1 Be6 24. Rd2 b5 25. Ne5 Rac8 26. Rfd1 c5 27. Bb2
Re8 28. Bxd5 Nxd5 29. Rxd5 f6 30. Nf3 Bxd5 31. Rxd5 Re2 32. Rd2 Rxd2 33. Nxd2
Kf7 34. Ne4 Ke6 35. Nc3 Rb8 36. Bc1 b4 37. Na4 Kd5 38. axb4 axb4 39. Be3 c4 40.
bxc4+ Kxc4 41. Nb2+ Kc3 42. Na4+ Kc2 43. Nc5 b3 44. Nxb3 Rxb3 45. Kg2 Kd3 46.
Kf3 Rb1 47. h4 f5 48. Kf4 g6 49. h5 Rb4+ 50. Ke5 Rg4 51. hxg6 hxg6 52. Kf6 Ke4
53. Bg5 Kf3 54. Kxg6 Kxf2 55. Kxf5 Kxg3 56. Bd8 Rg7 57. Bf6 Rb7 58. Ba1 Kf3 59.
Ke5 Ke3 60. Kd5 Kd3 61. Ke5 Rb1 62. Bd4 Rb5+ 0-1

[Event "Østlandsserien 2006/2007, 1. div"]
[Site "Drammen, Buskerud NOR"]
[Date "2007.01.14"]
[Round "5"]
[White "Lea, Per"]
[Black "Brokke, Otto Arnfinn"]
[Result "0-1"]
[WhiteElo "1587"]
[BlackElo "1370"]
[PlyCount "98"]
[EventDate "2006.11.12"]
[WhiteTeam "Follo"]
[BlackTeam "Drammen II"]

1. e4 c5 2. Nf3 Nc6 3. d4 cxd4 4. Nxd4 a6 5. Nc3 Nf6 6. Bg5 e6 7. Qd2 Be7 8. f4
Qb6 9. O-O-O Nxd4 10. Qxd4 Bc5 11. Qd3 Ng4 12. Na4 Be3+ 13. Kb1 Qa5 14. Nc3 h6
15. Bh4 O-O 16. h3 Nf2 17. Qxe3 Nxd1 18. Nxd1 Qh5 19. Bd3 Qxh4 20. g3 Qe7 21.
g4 b5 22. h4 Bb7 23. h5 d5 24. exd5 Bxd5 25. Rg1 Qh4 26. Nc3 Rfe8 27. g5 hxg5
28. Rxg5 Qh1+ 29. Rg1 Qxh5 30. Rg3 Qh1+ 31. Rg1 Qh4 32. Rg3 Rac8 33. Rh3 Qg4
34. Rg3 Qh4 35. Rh3 Qd8 36. Qe5 Qf6 37. Qh5 g6 38. Nxd5 exd5 39. Qh7+ Kf8 40.
Rh1 Qxf4 41. a3 Qf6 42. Rf1 Qg7 43. Qh2 Re6 44. Qg2 Rce8 45. Qxd5 Re1+ 46. Rxe1
Rxe1+ 47. Ka2 Qe5 48. Qd8+ Kg7 49. Qb6 Qe6+ 0-1

[Event "Østlandsserien 2006/2007, 1. div"]
[Site "Drammen, Buskerud NOR"]
[Date "2007.01.14"]
[Round "5"]
[White "Hanssen, John Christian"]
[Black "Høva, Frode"]
[Result "1/2-1/2"]
[WhiteElo "1298"]
[BlackElo "1591"]
[PlyCount "94"]
[EventDate "2006.11.12"]
[WhiteTeam "Drammen II"]
[BlackTeam "Follo"]

1. d4 Nf6 2. c4 g6 3. Nf3 Bg7 4. Nc3 d5 5. e3 c5 6. cxd5 Nxd5 7. Nxd5 Qxd5 8.
dxc5 Qxc5 9. Qb3 O-O 10. Be2 b6 11. O-O Bb7 12. Rd1 Nc6 13. Qc4 Qxc4 14. Bxc4
Rad8 15. Rxd8 Rxd8 16. Be2 Ne5 17. Nxe5 Bxe5 18. f4 Bxb2 19. Rb1 Bxc1 20. Rxc1
Rd2 21. Bf3 Bxf3 22. gxf3 Rxa2 23. Rc7 e6 24. Rb7 Ra5 25. Kf2 a6 26. Rxb6 Ra2+
27. Kg3 a5 28. Ra6 a4 29. e4 a3 30. Ra8+ Kg7 31. Ra7 Ra1 32. Kg2 a2 33. h3 Kf8
34. h4 h5 35. f5 gxf5 36. exf5 exf5 37. f4 Ke8 38. Ra5 Ke7 39. Re5+ Kd6 40. Ra5
Kc6 41. Ra3 Kb5 42. Ra8 Kb4 43. Ra7 Kb3 44. Rb7+ Kc2 45. Ra7 Kd3 46. Ra3+ Ke2
47. Ra5 Kd2 1/2-1/2

[Event "Østlandsserien 2006/2007, 1. div"]
[Site "Ås, Akershus NOR"]
[Date "2007.02.10"]
[Round "6"]
[White "Breivik, Lars"]
[Black "Andersen, Alf Roger"]
[Result "1-0"]
[WhiteElo "2212"]
[BlackElo "2156"]
[PlyCount "44"]
[EventDate "2006.11.12"]
[WhiteTeam "Drammen 1"]
[BlackTeam "Follo 1"]

1. d4 f5 2. Bg5 g6 3. Nc3 d5 4. Nf3 Bg7 5. e3 c6 6. h4 Nd7 7. h5 h6 8. hxg6 Qb6
9. Bf4 Qxb2 10. Ne2 Ngf6 11. Qc1 Qb6 12. Ng3 e6 13. Bd3 Qb4+ 14. Kf1 Qf8 15. c4
Ne4 16. Nh5 Ndf6 17. Nxg7+ Qxg7 18. Ne5 Ng5 19. Qa3 Bd7 20. Rb1 b6 21. Rxb6 Rg8
22. Rb7 Rd8 1-0

[Event "Østlandsserien 2006/2007, 1. div"]
[Site "Ås, Akershus NOR"]
[Date "2007.02.10"]
[Round "6"]
[White "Gaasland, Glenn"]
[Black "Henriksen, Geir Ivar"]
[Result "0-1"]
[WhiteElo "1903"]
[BlackElo "2155"]
[PlyCount "50"]
[EventDate "2006.11.12"]
[WhiteTeam "Follo 1"]
[BlackTeam "Drammen 1"]

1. d4 Nf6 2. c4 c5 3. d5 e6 4. Nc3 exd5 5. cxd5 d6 6. e4 g6 7. Bd3 Bg7 8. f4
O-O 9. Nge2 a6 10. a4 Re8 11. O-O c4 12. Bb1 Nbd7 13. Be3 Qa5 14. Nd4 Nc5 15.
f5 Bd7 16. Ra3 Ncxe4 17. Nxe4 Nxe4 18. fxg6 hxg6 19. Ne6 Bxe6 20. Bxe4 Bd7 21.
Rxf7 Kxf7 22. Qf3+ Bf5 23. g4 Rxe4 24. gxf5 Qxd5 25. fxg6+ Kxg6 0-1

[Event "Østlandsserien 2006/2007, 1. div"]
[Site "Ås, Akershus NOR"]
[Date "2007.02.10"]
[Round "6"]
[White "Eriksen, Terje"]
[Black "Hovland, Arne"]
[Result "1-0"]
[WhiteElo "2095"]
[BlackElo "1632"]
[PlyCount "101"]
[EventDate "2006.11.12"]
[WhiteTeam "Drammen 1"]
[BlackTeam "Follo 1"]

1. Nf3 Nf6 2. g3 g6 3. Bg2 Bg7 4. O-O d6 5. d3 Nbd7 6. e4 e5 7. Nc3 O-O 8. Ne1
c6 9. f4 exf4 10. gxf4 Nh5 11. Be3 Ndf6 12. f5 Qa5 13. Bf3 Re8 14. Ng2 Kh8 15.
d4 Bd7 16. Qe2 Re7 17. Rae1 Rae8 18. a3 c5 19. d5 b5 20. fxg6 fxg6 21. Bg5 Re5
22. Be3 b4 23. axb4 Qxb4 24. Nf4 Qxb2 25. Qd2 Nxf4 26. Bxf4 Nh5 27. Rb1 Qxc3
28. Qxc3 Rg5+ 29. Bxg5 Bxc3 30. Bxh5 gxh5 31. Bf6+ Bxf6 32. Rxf6 a6 33. Rxd6
Bb5 34. Re1 Re5 35. Kf2 Kg7 36. Ke3 Rg5 37. Kf3 h4 38. e5 h5 39. e6 Kf6 40. e7+
Kf7 41. c4 Be8 42. Rxa6 Rf5+ 43. Ke4 Rg5 44. d6 Rg4+ 45. Kd5 Bd7 46. Kxc5 Rg8
47. Ra7 Rc8+ 48. Rc7 Rxc7+ 49. dxc7 Ke8 50. Kd6 Bh3 51. Rf1 1-0

[Event "Østlandsserien 2006/2007, 1. div"]
[Site "Ås, Akershus NOR"]
[Date "2007.02.10"]
[Round "6"]
[White "Lea, Per"]
[Black "Ludvigsen, Frode"]
[Result "0-1"]
[WhiteElo "1587"]
[BlackElo "2032"]
[PlyCount "60"]
[EventDate "2006.11.12"]
[WhiteTeam "Follo 1"]
[BlackTeam "Drammen 1"]

1. e4 c5 2. Nf3 d6 3. d4 cxd4 4. Nxd4 Nf6 5. Nc3 a6 6. Bg5 e6 7. f4 Bd7 8. Qf3
Nc6 9. O-O-O Qc7 10. g4 Be7 11. Bg2 O-O-O 12. Bh4 h6 13. Bg3 Qb6 14. Bf2 Qc7
15. Bg3 Nxd4 16. Rxd4 Bc6 17. Rhd1 Qa5 18. Kb1 Nd7 19. Be1 Qc7 20. Qe2 Nb6 21.
Bg3 Kb8 22. R4d2 Rc8 23. f5 e5 24. Nd5 Bxd5 25. exd5 Nc4 26. Rd3 Qa5 27. Rc3
Qb5 28. Rxc4 Qxc4 29. Qf2 Qxg4 30. Bxe5 Qxd1# 0-1

[Event "Østlandsserien 2006/2007, 1. div"]
[Site "Ås, Akershus NOR"]
[Date "2007.02.10"]
[Round "6"]
[White "Hamre, Einar"]
[Black "Høva, Fode"]
[Result "1/2-1/2"]
[WhiteElo "1725"]
[BlackElo "1591"]
[PlyCount "87"]
[EventDate "2006.11.12"]
[WhiteTeam "Drammen 1"]
[BlackTeam "Follo 1"]

1. e4 c5 2. Nf3 d6 3. Bb5+ Nc6 4. O-O Nf6 5. d3 g6 6. Re1 Bg7 7. e5 Ng4 8. exd6
Qxd6 9. Nc3 O-O 10. Ne4 Qc7 11. h3 Nd4 12. Bc4 Nxf3+ 13. Qxf3 Qh2+ 14. Kf1 Ne5
15. Qg3 Qxg3 16. Nxg3 Nxc4 17. dxc4 Be6 18. Re4 Rad8 19. c3 Rd1+ 20. Ke2 Rfd8
21. Nf1 Bh6 22. f4 Bf5 23. Rxe7 Bxf4 24. Bxf4 Rxa1 25. Ne3 Bd3+ 26. Kf2 Rxa2
27. Rxb7 Ra6 28. Bh6 Rb6 29. Rxa7 Rxb2+ 30. Kg3 Rb6 31. Nd5 Re6 32. Bg5 Rde8
33. Nf6+ Kg7 34. Nxe8+ Rxe8 35. Rc7 Bxc4 36. Rxc5 Be6 37. Rc7 Rc8 38. Rxc8 Bxc8
39. Bd8 f6 40. Kf4 Kf7 41. h4 Bb7 42. g3 h5 43. Bb6 Bd5 44. Ke3 1/2-1/2

[Event "Østlandsserien 2006/2007, 1. div"]
[Site "Ås, Akershus NOR"]
[Date "2007.02.10"]
[Round "6"]
[White "Moberg, Jan Rune"]
[Black "Tømte, Asbjørn"]
[Result "0-1"]
[WhiteElo "1461"]
[BlackElo "1756"]
[PlyCount "60"]
[EventDate "2006.11.12"]
[WhiteTeam "Follo 1"]
[BlackTeam "Drammen 1"]

1. d4 d5 2. c4 e6 3. Nf3 Nf6 4. g3 Be7 5. Bg2 c6 6. O-O O-O 7. Qc2 Nbd7 8. Nbd2
b6 9. b3 Bb7 10. a4 a5 11. Bb2 Rc8 12. Rac1 Qc7 13. e4 Nxe4 14. Nxe4 dxe4 15.
Qxe4 c5 16. d5 Nf6 17. Qe5 exd5 18. Qxc7 Rxc7 19. cxd5 Bxd5 20. Nd4 Rd7 21.
Bxd5 Nxd5 22. Nf5 Bf6 23. Bxf6 Nxf6 24. Rfe1 g6 25. Ne3 Rd3 26. Rb1 Re8 27. Kf1
Nd5 28. Nc4 Rxe1+ 29. Kxe1 Nc3 30. Rb2 Rd1# 0-1

[Event "Østlandsserien 2006/2007, 1. div"]
[Site "Nordstrand, Oslo NOR"]
[Date "2007.02.11"]
[Round "7"]
[White "Andersen, Alf Roger"]
[Black "Sørgjerd, Jan"]
[Result "1-0"]
[WhiteElo "2156"]
[BlackElo "2041"]
[PlyCount "103"]
[EventDate "2006.11.12"]
[WhiteTeam "Follo 1"]
[BlackTeam "Nordstrand 1"]

1. e4 c5 2. Nf3 e6 3. d4 cxd4 4. Nxd4 Nf6 5. Bd3 Be7 6. O-O d6 7. c4 Nc6 8. Nc2
Qc7 9. Nc3 a6 10. b3 O-O 11. Bb2 Rb8 12. Rc1 Bd7 13. Kh1 Qa5 14. a3 Rfc8 15. f4
Qb6 16. b4 Be8 17. Rf3 Rd8 18. Qe2 h6 19. Rg3 Rd7 20. Nd5 Qd8 21. Nxe7+ Qxe7
22. Ne3 Kf8 23. Rf1 Rc7 24. Rxg7 Kxg7 25. Ng4 e5 26. fxe5 Nxe5 27. Nxf6 Qe6 28.
Nd5 Rcc8 29. Rf6 Qxf6 30. Nxf6 Kxf6 31. c5 Ke6 32. Bb1 dxc5 33. Qh5 f6 34. Qxh6
cxb4 35. Qh3+ Ke7 36. Qh7+ Bf7 37. axb4 Rc4 38. h3 Rbc8 39. Ba2 Rxb4 40. Bxe5
Rc1+ 41. Kh2 fxe5 42. Qxf7+ Kd6 43. Qf6+ Kc5 44. Qe7+ Kb5 45. Qd7+ Ka5 46. Qd5+
b5 47. Qd2 Rc8 48. Bb3 Rh8 49. g4 Rb8 50. g5 Rf8 51. g6 Rf2+ 52. Qxf2 1-0

[Event "Østlandsserien 2006/2007, 1. div"]
[Site "Nordstrand, Oslo NOR"]
[Date "2007.02.11"]
[Round "7"]
[White "Thanke, Bror"]
[Black "Gaasland, Glenn"]
[Result "0-1"]
[WhiteElo "2063"]
[BlackElo "1903"]
[PlyCount "104"]
[EventDate "2006.11.12"]
[WhiteTeam "Nordstrand 1"]
[BlackTeam "Follo 1"]

1. e4 c5 2. Nf3 d6 3. d4 cxd4 4. Nxd4 Nf6 5. Nc3 a6 6. Bg5 e6 7. f4 b5 8. f5 b4
9. Na4 Qa5 10. Bxf6 gxf6 11. fxe6 fxe6 12. Qf3 Ra7 13. Be2 Bg7 14. Qh5+ Qxh5
15. Bxh5+ Ke7 16. O-O-O Rc7 17. Rhe1 Nd7 18. Kb1 Ne5 19. b3 Bb7 20. Nb2 Rhc8
21. Re2 Nc6 22. Nxc6+ Bxc6 23. Nc4 Rd8 24. Ree1 Bb5 25. Be2 Rc5 26. Bd3 Kf7 27.
Re2 d5 28. exd5 Rcxd5 29. Rde1 e5 30. Rc1 Kg8 31. Re4 Rd4 32. Rxd4 Rxd4 33. Re1
Be8 34. Re4 Rd8 35. Re2 Bg6 36. Nb2 f5 37. Bc4+ Kh8 38. Re1 e4 39. Be2 Bc3 40.
Rd1 Rxd1+ 41. Nxd1 Be5 42. h3 a5 43. Ne3 Kg7 44. Nc4 Kf6 45. Nxa5 Kg5 46. Nc4
Bd4 47. Nd2 Kh4 48. Nf1 f4 49. Kc1 Be8 50. Kd1 Bc6 51. Bg4 h5 52. Be6 e3 0-1

[Event "Østlandsserien 2006/2007, 1. div"]
[Site "Nordstrand, Oslo NOR"]
[Date "2007.02.11"]
[Round "7"]
[White "Næssvold, Kjell"]
[Black "Gulbrandsen, Tor"]
[Result "1/2-1/2"]
[WhiteElo "1886"]
[BlackElo "2005"]
[PlyCount "139"]
[EventDate "2006.11.12"]
[WhiteTeam "Follo 1"]
[BlackTeam "Nordstrand 1"]

1. e4 e5 2. Nf3 Nf6 3. Nc3 Nc6 4. Bc4 Bb4 5. d3 d5 6. exd5 Nxd5 7. Bd2 Nxc3 8.
Bxc3 Bd6 9. Qe2 O-O 10. h3 Nd4 11. Qd1 b5 12. Bd5 c6 13. Bb3 Qf6 14. Bxd4 exd4
15. O-O Bb7 16. Re1 c5 17. Nh2 Bxh2+ 18. Kxh2 Qxf2 19. Qg4 Rae8 20. Qg3 Qxg3+
21. Kxg3 Re3+ 22. Rxe3 dxe3 23. a4 a6 24. Re1 Re8 25. axb5 axb5 26. c3 g5 27.
Kg4 h6 28. h4 gxh4 29. Kxh4 Bxg2 30. Bd1 Bd5 31. Kg4 Kg7 32. Kf5 Re6 33. Be2
Kf8 34. Ra1 Kg7 35. Kf4 Kg6 36. Rg1+ Kf6 37. Rg3 Bc6 38. Rh3 Kg7 39. Rh5 c4 40.
d4 Re4+ 41. Kf5 Re6 42. Kf4 Re4+ 43. Kf5 Re6 44. Kf4 Bd7 45. Rh2 Kg6 46. Bh5+
Kf6 47. Bg4 Re7 48. Rxh6+ Kg7 49. Rh1 Bc6 50. Bf3 Bxf3 51. Kxf3 Kf6 52. Re1 b4
53. Rxe3 bxc3 54. bxc3 Rb7 55. Kf4 Rb1 56. Rh3 Ke6 57. Ke3 Rb2 58. Rh6+ f6 59.
Rh3 Rc2 60. Ke4 Re2+ 61. Re3 Rd2 62. Rf3 Re2+ 63. Kf4 Rd2 64. Rf1 Rc2 65. Re1+
Kd5 66. Re3 Rf2+ 67. Rf3 Rd2 68. Rf1 Rd3 69. Rf3 Rd2 70. Ke3 1/2-1/2